| 000 | 00763nam a2200193 a 4500 | ||
|---|---|---|---|
| 001 | 000005596 | ||
| 005 | 20200929151724.0 | ||
| 008 | 090820s1995 dr a 000 0 spa d | ||
| 040 | _aDO-SdBNP | ||
| 082 |
_a363.7394 _bD321c |
||
| 245 | 0 | 0 |
_aDegradación de la cuenca hidrográfica del Río Yaque del Norte / _cEdición Pablo Socorro Flores. |
| 260 |
_aSanto Domingo : _bGobernación del Distrito R-2 del Club de Leones 1994-1995, _c1995. |
||
| 300 |
_a138 p. : _bil. ; _c22 cm. |
||
| 500 | _aSíntesis de Seminario-Taller, realizado en Santo Domingo, el 16/10/94 | ||
| 504 | _aIncluye referencias bibliográficas (p. 137-138) | ||
| 650 | 4 |
_aContaminación del agua _zRepública Dominicana _915796 |
|
| 700 | 1 |
_aSocorro Flores, Pablo, _eed. _915797 |
|
| 049 | _aBNPD | ||
| 999 |
_c5395 _d5395 |
||